Tribhuvan University Central Library

Valung ra valunga (Record no. 70037)

MARC details
000 -LEADER
fixed length control field 00500nam a22002057a 4500
008 - FIXED-LENGTH DATA ELEMENTS--GENERAL INFORMATION
fixed length control field 000000b xxu||||| |||| 00| 0 und d
015 ## - NATIONAL BIBLIOGRAPHY NUMBER
-- NNB
020 ## - INTERNATIONAL STANDARD BOOK NUMBER
International Standard Book Number 978-9937-2-0627-3
Terms of availability Rs.300.00
041 ## - LANGUAGE CODE
Language code of text/sound track or separate title Nep
082 ## - DEWEY DECIMAL CLASSIFICATION NUMBER
Classification number N915.426
Item number T569v
-- N
100 ## - MAIN ENTRY--PERSONAL NAME
Personal name Thapa, Rajeshwar
245 ## - TITLE STATEMENT
Title Valung ra valunga
260 ## - PUBLICATION, DISTRIBUTION, ETC.
Place of publication, distribution, etc. Kathmandu
Name of publisher, distributor, etc. Abhiman Prakashan
Date of publication, distribution, etc. 2065 B.S.
300 ## - PHYSICAL DESCRIPTION
Extent 362p.
650 ## - SUBJECT ADDED ENTRY--TOPICAL TERM
Topical term or geographic name entry element Culture
650 ## - SUBJECT ADDED ENTRY--TOPICAL TERM
Topical term or geographic name entry element Description
650 ## - SUBJECT ADDED ENTRY--TOPICAL TERM
Topical term or geographic name entry element Population
650 ## - SUBJECT ADDED ENTRY--TOPICAL TERM
Topical term or geographic name entry element Travel
942 ## - ADDED ENTRY ELEMENTS (KOHA)
Koha item type General Collections
Source of classification or shelving scheme Dewey Decimal Classification

No items available.